Starý styl bankovnictví v Evropě končí
Západoeurópske podniky začínajú ku krytiu svojich finančných potrieb viac využívať dlhopisy a akcie a menej si požičiavajú od bánk. Úrokové sadzby stanovované centrálnymi bankami sa stávajú menej dôležitými. Rozdiely medzi americkým a európskym trhom.
Gespeichert in:
| 1. Verfasser: | |
|---|---|
| Format: | Buchkapitel |
| Sprache: | Tschechisch |
| Schlagworte: | |
| Tags: |
Keine Tags, Fügen Sie das erste Tag hinzu!
|
MARC
| LEADER | 00000naa a2200000 4500 | ||
|---|---|---|---|
| 001 | r041608 | ||
| 005 | 20231004072052.4 | ||
| 041 | 0 | |a cze | |
| 044 | |a CZ | ||
| 245 | 1 | 0 | |a Starý styl bankovnictví v Evropě končí |c Karel Ježek |
| 520 | |a Západoeurópske podniky začínajú ku krytiu svojich finančných potrieb viac využívať dlhopisy a akcie a menej si požičiavajú od bánk. Úrokové sadzby stanovované centrálnymi bankami sa stávajú menej dôležitými. Rozdiely medzi americkým a európskym trhom. | ||
| 610 | 2 | 0 | |a bankovníctvo |
| 610 | 2 | 0 | |a Európa |
| 610 | 2 | 0 | |a USA |
| 610 | 2 | 0 | |a dlhopisy |
| 610 | 2 | 0 | |a akcie |
| 610 | 2 | 0 | |a úver bankový |
| 610 | 2 | 0 | |a sadzby úrokové |
| 610 | 2 | 0 | |a fondy podielové |
| 100 | 1 | |a Ježek, Karel | |